00685nam a2200181Ia 4500003000900000008004100009040001600050080001300066100002900079245017500108260003700283300001300320650004100333650001800374942000700392999001500399952008900414IN-BaIIA211028s9999 xx 000 0 eng d cIIA Library a5bBIS-1 aGeorge H. Bishop,911079 4aThe excitement and fascination of sciencebvol. 1, a collection of autobiographical and philosophical essayscBishop, G. H., [et al.]  aCaliforniabAnnual Reviewsc1965 ax, 566p. aAstronomy and astrophysics thesaurus aScience91299 cBK c6455d6455 00104070aBANbBANcGENd1980-02-25l0o5/ BIS-1p7187r2021-11-05w1980-02-25yBK